Quiz de personajes de Brainrot Italianos - Estadísticas

Estadísticas generales
  • Esta prueba ha sido intentada 186 veces
  • La puntuación promedio es 6 de 15
Estadísticas de respuestas
Pista Respuesta % Correcto
¿Como se llama el bate que a la vez es el más sobrevalorado de todos? Tung tung tung tung tung tung tung tung tung Sahur
79%
¿Como se llama el elefante cactus que puede parar el tiempo? Lirili Larila
76%
¿Como se llama el árbol gigante con una nariz como un proscciuto? Brr brr patapim
70%
¿Cuál fue el primer personaje de brainrot italiano en crearse (que animal es)? Tiburón
68%
¿Como se llama el cocodrilo que bombardea palestina? Bombardiro Crocodilo
67%
¿Como se llama la vaca saturno? La vaca saturno saturnita
44%
¿Como se llama ell chimpancé plátano? Chimpanzini Bananini
39%
¿Como se llama la rana que tiene una rueda en su cuerpo? Boneca ambalabu
31%
¿Como se llama el pez con cara de gato que menciona queso y lima en una de sus frases? Trulimero Trulichina
31%
¿Como se llama el personaje el cuál no se sabe si su apariencia es un gato gamba o un pez mutante gordo? Trippi Troppi Troppa Trippa
27%
¿Como se llama el café con katanas que es novio de ballerina capuchina? Capuchino Assassino
26%
¿Como se llama la paloma que trabaja como espía? Spioniro Golubiro
17%
¿Como se llama el castor gangster? Bombrito Bondito
3%
¿Cuál es el pajarito que construyó el imperio romano? El dicus picus de ticus
0%
¿Como se llama el enano fuerte, calvo y feo que escucha heavy metal? Rambombim rambambam
0%
No se encontraron pruebas coincidentes
Distribución de puntuación
Porcentaje de gente con cada puntuación
Porcentaje por número respondido
Historial de tus puntuaciones
No has intentado esta prueba.